| 000 | 01522cab a2200241 4500 | ||
|---|---|---|---|
| 001 | L136216 | ||
| 008 | 070117n 000 0 eng u | ||
| 035 | _a(Sirsi) u136216 | ||
| 041 | 0 | _aeng | |
| 110 | 1 |
_aScotland _kLaws, etc |
|
| 245 | 0 | 4 |
_aThe Environmental Impact Assessment (Scotland) Amendment Regulations 2006 _h[electronic resource] |
| 260 |
_aLondon _bOPSI $2 006 |
||
| 490 |
_aScottish Statutory Instrument _v2006: 614 |
||
| 520 | _aImplement in Scotland the amendments made by Directive 2003/35/EC Art 3 with regard to public participation and access to justice to Directive 85/337/EEC. The following Regulations and Act are amended in the following Parts of the Regulations: Part II - The Environmental Impact Assessment (Scotland) Regulations 1999 ("the 1999 Regulations"); Part III - The Roads (Scotland) Act 1984; Part IV - The Environmental Impact Assessment (Fish Farming in Marine Waters) Regulations; and Part V - The Environmental Impact Assessment (Forestry) (Scotland) Regulations 1999. | ||
| 590 | _aKA | ||
| 650 | 2 | 4 | _aTHE ENVIRONMENTAL IMPACT ASSESSMENT (SCOTLAND) AMENDMENT REGULATIONS 2006 |
| 650 | 2 | 4 | _aDIRECTIVE 85/337/EEC |
| 650 | 2 | 4 | _aDIRECTIVE 2003/35/EC ART 3 |
| 651 | 4 |
_aScotland _y1999- |
|
| 690 | _aENVIRONMENTAL AND LAND CONSULTANCY-ENVIRONMENTAL MANAGEMENT-ENVIRONMENTAL ASSESSMENT-ENVIRONMENTAL IMPACT ASSESSMENT | ||
| 856 | 4 | 0 |
_uhttps://www.opsi.gov.uk/legislation/scotland/ssi2006/20060614.htm _zView the Statutory Instrument free of charge at www.opsi.gov.uk... |
| 942 | _n0 | ||
| 999 |
_c78200 _d78200 |
||